<?xml version="1.0" encoding="UTF-8"?>
<marc:record xmlns:marc="http://www.loc.gov/MARC21/slim">
   <marc:leader>00000nam a2200000 a 4500</marc:leader>
   <marc:datafield ind1="1" ind2=" " tag="100">
      <marc:subfield code="a">Roy, Carter</marc:subfield>
      <marc:subfield code="4">aut</marc:subfield>
      <marc:subfield code="e">Verfasser/-in</marc:subfield>
   </marc:datafield>
   <marc:datafield ind1="0" ind2="0" tag="245">
      <marc:subfield code="a">Feuerzeichen</marc:subfield>
   </marc:datafield>
   <marc:datafield ind1="0" ind2="0" tag="245">
      <marc:subfield code="c">Carter Roy ; aus dem amerikanischen Englisch von Leo Strohm</marc:subfield>
   </marc:datafield>
   <marc:datafield ind1=" " ind2="1" tag="264">
      <marc:subfield code="a">Ravensburg</marc:subfield>
      <marc:subfield code="b">Ravensburger Buchverlag</marc:subfield>
      <marc:subfield code="c">2016</marc:subfield>
   </marc:datafield>
   <marc:datafield ind1="1" ind2=" " tag="490">
      <marc:subfield code="a">Der Bund der Wächter / Carter Roy</marc:subfield>
      <marc:subfield code="v">Band 1</marc:subfield>
   </marc:datafield>
   <marc:datafield ind1="1" ind2=" " tag="520">
      <marc:subfield code="a">Angaben aus der Verlagsmeldung

Der Bund der Wächter, Band 1: Feuerzeichen The Blood Guard, Band 1 / von Carter Roy

Ronan Stronghearts Leben ist alles andere als normal. Jede Minute seiner Freizeit ist komplett verplant. Er muss fechten, klettern, Karate üben. Noch weiß er nicht, dass seine Mutter zu einer Geheimorganisation gehört, die vorhat, die Welt zu retten. Klammheimlich hat sie ihn ausgebildet, damit er ihr bei dieser gefährlichen Mission helfen kann. Ein riskanter Plan, denn die Gegner sind mächtig und kennen keine Gnade.
</marc:subfield>
   </marc:datafield>
   <marc:datafield ind1=" " ind2=" " tag="020">
      <marc:subfield code="a">9783473369423</marc:subfield>
      <marc:subfield code="9">9783473369423</marc:subfield>
   </marc:datafield>
   <marc:datafield ind1=" " ind2=" " tag="020">
      <marc:subfield code="a">347336942X</marc:subfield>
      <marc:subfield code="9">347336942X</marc:subfield>
   </marc:datafield>
   <marc:datafield ind1=" " ind2=" " tag="041">
      <marc:subfield code="a">ger</marc:subfield>
   </marc:datafield>
   <marc:datafield ind1=" " ind2=" " tag="300">
      <marc:subfield code="a">336 Seiten</marc:subfield>
   </marc:datafield>
</marc:record>
